000 01093cam a22002055a 4500
001 L140793
008 071011s1893 xxk eng u
035 _a(Sirsi) u140793
041 0 _aeng
110 2 _aRichard J. Collier and Henderson
_95385
245 0 0 _aCowes, Isle of Wight...
_bparticulars, plan and conditions of sale of the valuable freehold, residential, sporting and marine building estate known as Palmers...which will be sold by auction by Messrs. Richard J. Collier and Henderson at Yelf's Hotel, Union Street, Ryde on Monday August 28 1893...
260 _aS.l.
_bs.n.
_c[1893]
300 _a[8] p.
_c30 cm. +
_e1 map (col., 67 x 53 cm., folded to 27 x 17 cm.) + 2 sheets (20 x 16 cm. and 18 x 13 cm.)
340 _aPrinted on to fabric, backed by paper
351 _cSingle item
500 _aItem is accompanied by a folded map, a letter from the donor dated 16 September 1957 and a letter thanking the donor dated 30 September 1957.
651 4 _aIsle of Wight
690 _aPROPERTY-PROPERTY ACQUISITION AND DISPOSAL-ACQUISITION AND DISPOSAL AT AUCTION
942 _n0
999 _c116487
_d116487